[Event "Florianopolis op 6th"]
[Site "Florianopolis"]
[Date "2020.01.24"]
[Round "7"]
[White "Flores, Clarice Soares Leit"]
[Black "Fugimoto, Rafael Aoki"]
[Result "0-1"]
[WhiteElo "1546"]
[BlackElo "1232"]
[PlyCount "126"]
[EventDate "2020.01.20"]
[EventType "swiss"]
[EventRounds "10"]
[EventCountry "BRA"]
[SourceTitle "CBM 194 Extra"]
[Source "ChessBase"]
[SourceDate "2020.03.31"]
[SourceVersion "1"]
[SourceVersionDate "2020.03.31"]
[SourceQuality "1"]

1. d4 c5 2. d5 d6 3. Nc3 a6 4. a4 g6 5. e4 Bg7 6. Nf3 Nf6 7. h3 Qc7 8. Be2 Nbd7 9. a5 b5 10. axb6 Nxb6 11. 0-0 0-0 12. Nd2 Bd7 13. Rxa6 Rxa6 14. Bxa6 Ra8 15. Bb5 Na4 16. Bxa4 Bxa4 17. Nxa4 Rxa4 18. Qe2 Qa7 19. Re1 Nd7 20. Nc4 Ne5 21. Na3 Rb4 22. c3 Rb6 23. f4 Nd7 24. Nc4 Rb7 25. e5 dxe5 26. fxe5 Nb6 27. d6 Nxc4 28. Qxc4 Rd7 29. Bg5 exd6 30. exd6 Rxd6 31. Re8+ Bf8 32. Rxf8+ Kxf8 33. Bh6+ Ke7 34. Be3 Rc6 35. Qe4+ Re6 36. Qh4+ Ke8 37. Qf2 Qa1+ 38. Kh2 c4 39. Bd4 Re7 40. Qf3 Qxb2 41. Qa8+ Kd7 42. Qa4+ Kd8 43. Qa8+ Kc7 44. Qa5+ Kc8 45. Qa6+ Qb7 46. Qxc4+ Qc7+ 47. Qxc7+ Rxc7 48. g4 Kd7 49. Kg3 Ke6 50. Kf4 h6 51. h4 Rb7 52. g5 h5 53. Be5 Rb1 54. Bd4 Rf1+ 55. Kg3 Kf5 56. Bf2 Ke4 57. c4 Rc1 58. c5 Rc3+ 59. Kg2 Kf4 60. Bd4 Rc2+ 61. Bf2 Kg4 62. Kg1 Kf3 63. Bd4 Kg3 0-1

[Event "Florianopolis op 6th"]
[Site "Florianopolis"]
[Date "2020.01.22"]
[Round "4"]
[White "Neitzel, Jonatan"]
[Black "Fugimoto, Rafael Aoki"]
[Result "1-0"]
[WhiteElo "1619"]
[BlackElo "1232"]
[PlyCount "87"]
[EventDate "2020.01.20"]
[EventType "swiss"]
[EventRounds "10"]
[EventCountry "BRA"]
[SourceTitle "CBM 194 Extra"]
[Source "ChessBase"]
[SourceDate "2020.03.31"]
[SourceVersion "1"]
[SourceVersionDate "2020.03.31"]
[SourceQuality "1"]

1. c4 c5 2. Nc3 e6 3. g3 a6 4. Bg2 Qc7 5. Nf3 Nc6 6. 0-0 Rb8 7. Rb1 Nf6 8. b3 d6 9. d4 cxd4 10. Nxd4 b6 11. Nxc6 Ra8 12. Ba3 Bb7 13. Nd4 Bxg2 14. Kxg2 Be7 15. e4 0-0 16. h3 Qb7 17. f3 Rfd8 18. Qe2 Rac8 19. Rbc1 Rc7 20. e5 dxe5 21. Bxe7 Rxe7 22. Qxe5 Red7 23. Rfd1 Qc8 24. a4 Qc5 25. Qxc5 bxc5 26. Nc6 Rxd1 27. Rxd1 Rxd1 28. Nxd1 Nd7 29. Nc3 g6 30. f4 Kg7 31. Ne5 Nb6 32. Ne4 f6 33. Nd3 f5 34. Nexc5 a5 35. Nxe6+ Kf6 36. Nd4 g5 37. Nc6 g4 38. Nxa5 h5 39. Nc6 Kg6 40. a5 Nc8 41. a6 Nb6 42. c5 Na8 43. b4 gxh3+ 44. Kxh3 1-0

[Event "Florianopolis op 6th"]
[Site "Florianopolis"]
[Date "2020.01.20"]
[Round "1"]
[White "Fugimoto, Rafael Aoki"]
[Black "Eger, Laura Luisa"]
[Result "0-1"]
[WhiteElo "1232"]
[BlackElo "1656"]
[PlyCount "120"]
[EventDate "2020.01.20"]
[EventType "swiss"]
[EventRounds "10"]
[EventCountry "BRA"]
[SourceTitle "CBM 194 Extra"]
[Source "ChessBase"]
[SourceDate "2020.03.31"]
[SourceVersion "1"]
[SourceVersionDate "2020.03.31"]
[SourceQuality "1"]

1. d4 d5 2. Nf3 c6 3. Bf4 Nf6 4. Nbd2 Bf5 5. e3 Nbd7 6. Be2 e6 7. c3 Be7 8. h3 h6 9. 0-0 0-0 10. Bh2 Ne4 11. Ne5 Ndf6 12. f4 Nxd2 13. Qxd2 Ne4 14. Qd1 f6 15. Nf3 Qb6 16. Qc1 Rae8 17. Nd2 c5 18. Bf3 cxd4 19. exd4 Nd6 20. Re1 Bd8 21. Nb3 Nc4 22. Be2 Nd6 23. Qd1 Be4 24. Bd3 f5 25. Rb1 Rf6 26. Nc5 Qc7 27. Re3 Rg6 28. Rg3 Rxg3 29. Bxg3 Qf7 30. Bxe4 Nxe4 31. Nxe4 fxe4 32. Qe2 Qg6 33. Bh2 a6 34. Re1 Bc7 35. Qd2 Rf8 36. Qf2 e5 37. dxe5 Bb6 38. Re3 Bxe3 39. Qxe3 Qc6 40. Qd4 Rc8 41. Kf2 Qb5 42. Qd2 Qc4 43. a3 Rc6 44. Qe2 Rb6 45. Qc2 Qb3 46. Qxb3 Rxb3 47. e6 Rxb2+ 48. Kf1 Rb3 49. f5 Rxa3 50. Be5 Ra2 51. f6 gxf6 52. Bxf6 a5 53. e7 Kf7 54. Bg7 h5 55. h4 Kxe7 56. Bd4 a4 57. g4 hxg4 58. h5 Rh2 59. h6 Rxh6 60. Kf2 Rh3 0-1